000 00229nam a2200097Ia 4500
001 672013
005 20250826160836.0
008 250824s9999 xx 000 0 und d
245 0 _aAkıl Labirenti
_cMarkus Sakey
260 _bKORİDOR
999 _c672013
_d672013